Output and employment in the construction industry - third quarter 2003 (Record no. 73939)
[ view plain ]
| 000 -LEADER | |
|---|---|
| fixed length control field | 01445cam a2200241 4500 |
| 001 - CONTROL NUMBER | |
| control field | WB3947-01 |
| 008 - FIXED-LENGTH DATA ELEMENTS--GENERAL INFORMATION | |
| fixed length control field | 031210n2003 000 0 eng u |
| 035 ## - SYSTEM CONTROL NUMBER | |
| System control number | (Sirsi) u124591 |
| 245 ## - TITLE STATEMENT | |
| Title | Output and employment in the construction industry - third quarter 2003 |
| 260 ## - PUBLICATION, DISTRIBUTION, ETC. | |
| Date of publication, distribution, etc. | 2003 |
| 490 ## - SERIES STATEMENT | |
| Series statement | DTI Press Release |
| Volume/sequential designation | (OEC-Q303) 5 December 2003 (2) |
| 520 ## - SUMMARY, ETC. | |
| Summary, etc. | Total volume of construction output rose by 4% in the third quarter compared to the previous year. Overall new work rose over the same period. Other areas covered by this release include repairs and maintenance, volume of new work, new private housing work, new public housing, new construction work in the private industrial sector, new private commercial output, new work in the public non-housing sector (excluding infrastructure), housing repair and maintenance work in both the public and private housing sector, repair and maintenance work in the public and private non-housing sector. Figures for employment in the construction sector are also included. Next publication date for these statistics is 5 March 2004. These statistics can be viewed at http://www.dti.gov.uk/construction/stats. |
| 590 ## - LOCAL NOTE (RLIN) | |
| Local note | WB |
| 650 ## - SUBJECT ADDED ENTRY--TOPICAL TERM | |
| Topical term or geographic name entry element | DTI |
| 650 ## - SUBJECT ADDED ENTRY--TOPICAL TERM | |
| Topical term or geographic name entry element | CONSTRUCTION STATISTICS |
| 650 ## - SUBJECT ADDED ENTRY--TOPICAL TERM | |
| Topical term or geographic name entry element | HOUSING STATISTICS |
| 650 ## - SUBJECT ADDED ENTRY--TOPICAL TERM | |
| Topical term or geographic name entry element | HOUSE BUILDING |
| 650 ## - SUBJECT ADDED ENTRY--TOPICAL TERM | |
| Topical term or geographic name entry element | HOUSING MAINTENANCE |
| 650 ## - SUBJECT ADDED ENTRY--TOPICAL TERM | |
| Topical term or geographic name entry element | STATISTICS |
| 650 ## - SUBJECT ADDED ENTRY--TOPICAL TERM | |
| Topical term or geographic name entry element | EMPLOYMENT FIGURES |
| 690 ## - LOCAL SUBJECT ADDED ENTRY--TOPICAL TERM (OCLC, RLIN) | |
| Topical term or geographic name as entry element | BUILT ENVIRONMENT |
| 942 ## - ADDED ENTRY ELEMENTS (KOHA) | |
| Suppress in OPAC | 0 |
| Withdrawn status | Lost status | Source of classification or shelving scheme | Damaged status | Not for loan | Home library | Current library | Shelving location | Date acquired | Total Checkouts | Full call number | Barcode | Date last seen | Copy number | Price effective from | Koha item type |
|---|---|---|---|---|---|---|---|---|---|---|---|---|---|---|---|
| Dewey Decimal Classification | London | London | News article | 10/12/2003 | WB3947-01 | 124591-1001 | 06/08/2019 | 1 | 06/08/2019 | News article |